000 00433nam a2200145 i 4500
001 90203
003 ES-MaACL
007 t|
008 050119s1910 fr ||||1| fre d
100 1 _aLebègue, Ernest.
_971008
245 1 3 _aLa vie et l'oeuvre d'un constituant
_b: [Jacques-Guillaume] Thouret, 1746-1794 /
_cErnest Lebègue.
260 _aParís :
_bAlcan,
_c1910.
300 _aLII, 320 p. ;
_c23 cm.
852 _aES-MaACL
_jG-7167
999 _c90203
_d90203